Statistics for Countries with the most neighbors

Click here to take the quiz!

General Stats

  • This quiz has been taken 25 times
  • The average score is 16 of 20

Answer Stats

Number of neighbor statesCountry% Correct
14China
100%
9Germany
100%
14Russia
100%
8Austria
91%
8France
91%
8Turkey
91%
10Brazil
87%
7Iran
87%
7Niger
87%
7Saudi Arabia
87%
7Hungary
83%
7Poland
83%
7Sudan
78%
7Algeria
70%
8Serbia
70%
7Ukraine
70%
7Mali
65%
8Tanzania
57%
8Zambia
52%
9Democratic Republic of the Congo
22%

Score Distribution

Percentile by Number Answered

Percent of People with Each Score

Your Score History

You have not taken this quiz